000 00295 a2200121 4500
001 125340
020 _a9780545124096
040 _cEscola Canadense de Niteroi
100 _aBeech, Linda
245 1 0 _aPhonics, Grades 3-6 (Extra Practice for Struggling Readers)
362 0 _a2010
942 _cBK
999 _c125340
_d125340